All Monkey Village Upgrades - Bloons TD 6 - Statistics

General Stats
  • This quiz has been taken 12 times
  • The average score is 12 of 15
Answer Stats
Upgrade % Correct
Jungle Drums
100%
Monkey Intelligence Bureau
90%
Monkeyopolis
90%
Primary Expertise
90%
Primary Mentoring
90%
Primary Training
90%
Call to Arms
80%
Homeland Defense
80%
Monkey City
80%
Monkey Town
80%
Bigger Radius
70%
Radar Scanner
70%
Grow Blocker
60%
Monkey Commerce
60%
Monkey Business
50%
No matching quizzes found
Score Distribution
Percent of People with Each Score
Percentile by Number Answered
Your Score History
You have not taken this quiz